000 00684nam a2200217Ia 4500
003 GCL
008 140319s9999 xx 000 0 ara d
040 _aGCL /
_cGCL
082 0 4 _a780.77
_bع ق
100 1 _aعطيات عبدالخالق خليل
245 1 0 _aفن تربية الصوت وعلم التجويد /
_cعطيات عبدالخالق خليل
700 1 _aناهد احمد حافظ
260 _a[S.N] :
_bمكتبة الانجلوالمصرية ،
_c1983
490 _a
650 0 4 _aالموسيقى
650 0 4 _aتعليم
650 0 4 _aتدريب
650 0 4 _aالموسيقى الصوتية
650 0 4 _aتزوق الموسيقى
942 _2ddc
_cBK
999 _c31219
_d31219